Welcome to CU Library Online Public Access Catalogue (OPAC)

DISEASES OF FRUITS AND VEGETABLES AND THEIR MANAGEMENT (Record no. 7657)

MARC details
000 -LEADER
fixed length control field 00391nam a22001457a 4500
005 - DATE AND TIME OF LATEST TRANSACTION
control field 20250923152050.0
008 - FIXED-LENGTH DATA ELEMENTS--GENERAL INFORMATION
fixed length control field 250923b |||||||| |||| 00| 0 eng d
020 ## - INTERNATIONAL STANDARD BOOK NUMBER
International Standard Book Number 8176638862
050 ## - LIBRARY OF CONGRESS CALL NUMBER
Classification number SB608
Item number .F8 DIS
100 ## - MAIN ENTRY--PERSONAL NAME
Personal name THIND T.S.
245 ## - TITLE STATEMENT
Title DISEASES OF FRUITS AND VEGETABLES AND THEIR MANAGEMENT
260 ## - PUBLICATION, DISTRIBUTION, ETC.
Place of publication, distribution, etc. NEW DELHI
Name of publisher, distributor, etc. KALYANI PUBLISHERS
Date of publication, distribution, etc. 2001
300 ## - PHYSICAL DESCRIPTION
Extent 474p
942 ## - ADDED ENTRY ELEMENTS (KOHA)
Source of classification or shelving scheme Library of Congress Classification
Koha item type Books
Suppress in OPAC No
999 ## -
-- 7657
-- 7657
Holdings
Withdrawn status Lost status Source of classification or shelving scheme Damaged status Not for loan Collection Home library Current library Shelving location Date acquired Total checkouts Full call number Barcode Date last seen Copy number Price effective from Koha item type
    Library of Congress Classification     Fiction Undergraduate Library (Christ Temple) Undergraduate Library (Christ Temple) General stacks 09/23/2025   SB608.F8 DIS ulct00004953 09/23/2025 1 09/23/2025 Books
    Library of Congress Classification     Non-fiction Undergraduate Library (Christ Temple) Undergraduate Library (Christ Temple) General stacks 10/15/2025   SB608.F8 DIS ulct00005144 10/15/2025 1 10/15/2025 Books
© 2023-2024 Copyright: Central University Libraries. All Rights Reserved | Created by: Mahone Tech Office